000 00407nam a22001457a 4500
005 20250214132036.0
008 250214b |||||||| |||| 00| 0 eng d
020 _a9780781438858
050 _aBS 680.L EIM
_b1
100 _aEIMS,Roy
245 _aBe the leader you were meant to be:
_bGrowing into the leader God called you to be
260 _aColorado
_bNexgen
_c1996
300 _a176p
942 _2lcc
_cBK
_n0
999 _c3862
_d3862